Asian Geography Double Decoded - Statistics

General Stats
  • This quiz has been taken 89 times
  • The average score is 15 of 30
Answer Stats
Hint Answer % Correct
Second largest city in Turkey Ankara
86%
City that's an anagram of Tokyo Kyoto
86%
Second city to be struck with an atom bomb Nagasaki
84%
Capital of Mongolia Ulan Bator
83%
Country whose capital is Nur-Sultan Kazakhstan
81%
Mausoleum of Agra, India Taj Mahal
79%
Gained independence from Indonesia in 2002 East Timor
74%
River of Mesopotamia Euphrates
73%
Mountain range separating Europe and Asia Ural
73%
Sea between Yemen and India Arabian
71%
Language spoken in Kazakhstan and Kyrgyzstan Russian
66%
Lake drained in the 1990s Aral Sea
51%
Region including Syria, Jordan, and Israel Levant
51%
Largest city on the Tibetan Plateau Lhasa
51%
Language Urdu
47%
Iraq's largest port Basra
43%
Sea Black
41%
Indian islands paired with the Nicobar Andaman
40%
Empire owning Mesopotamia in the 1st century Roman
40%
Mountain Ararat
39%
Former name of Guangzhou Canton
33%
Muslim group of Myanmar Rohingya
33%
The largest temple in the world Angkor Wat
31%
River Lena
27%
Currency of China Renminbi
26%
City Kabul
24%
Jordanian city on the Red Sea Aqaba
21%
Former untouchable caste of India Dalit
21%
Region Korea
21%
Sea between Sakhalin and Kamchatka Okhotsk
14%
No matching quizzes found
Score Distribution
Percent of People with Each Score
Percentile by Number Answered
Your Score History
You have not taken this quiz